Guess The Rapper by Picture - Statistics

General Stats
  • This quiz has been taken 224 times
  • The average score is 15 of 19
Answer Stats
Picture Answer % Correct
Eminem
99%
Post Malone
97%
The Notorious B.I.G
97%
Lil Wayne
96%
Tupac
95%
Ice Cube
92%
Drake
89%
Snoop Dog
89%
50 Cent
85%
Dr Dre
85%
Future
85%
Jay Z
85%
J. Cole
83%
Kendrick Lamar
81%
Ludacris
68%
Pitbull
65%
DMX
39%
LL Cool J
33%
MC Hammer
20%
No matching quizzes found
Score Distribution
Percent of People with Each Score
Percentile by Number Answered
Your Score History
You have not taken this quiz